Leader xxxxxxxxxx
001 __ PCLIS00026726
005 __ 20211001132320.0
010 0_ |a957-469-373-2|b平裝|dNT$160
100 __ |a20010601d2001 m y0chiy09 e
101 0_ |achi
102 __ |atw
105 __ |aa t 000ad
200 1_ |a幸福銀行|dLove post. March 2001|fMasa等著
205 __ |a初版
210 __ |a臺北市|c紅色文化出版|c城邦文化發行|d2001[民90]
215 0_ |a237面|c圖|d21公分
225 1_ |aLove post|v3
314 __ |a作者號由adm取自執行主編
700 _0 |aMasa|4著
701 _0 |a安妮寶貝|4著
701 _1 |a王|b蘭芬|4著
701 _0 |a小旦|4著
701 _0 |a阿莫|4著
701 _0 |a渡邊徹|4著
701 _0 |ahais|4著
701 _0 |aguyferd|4著
701 _0 |aputin|4著
701 _1 |a袁|b燕華|4繪
702 _1 |a沈|b台訓|4執行主編
801 _0 |atw|b內湖高中|c20010622|gCCR
801 _2 |atw|b內湖高中|c20211001|gCCR
|